MythBusters : (Record no. 1075)

MARC details
000 -LEADER
fixed length control field 00604nam a2200205 a 4500
005 - DATE AND TIME OF LATEST TRANSACTION
control field 20260322212046.0
008 - FIXED-LENGTH DATA ELEMENTS--GENERAL INFORMATION
fixed length control field data
090 ## - LOCALLY ASSIGNED LC-TYPE CALL NUMBER (OCLC); LOCAL CALL NUMBER (RLIN)
Classification number (OCLC) (R) ; Classification number, CALL (RLIN) (NR) DVD 398.2 H964 2010
001 - CONTROL NUMBER
control field data
100 1# - MAIN ENTRY--PERSONAL NAME
Personal name Hyneman, Jamie
245 10 - TITLE STATEMENT
Title MythBusters :
Remainder of title collection 2
Statement of responsibility, etc. Jamie Hyneman, Adam Savage & Discovery Channel (Firm).
260 ## - PUBLICATION, DISTRIBUTION, ETC.
Place of publication, distribution, etc. Louisville, CO
Name of publisher, distributor, etc. Gaiam
Date of publication, distribution, etc. 2010
300 ## - PHYSICAL DESCRIPTION
Other physical details 3 videodiscs (600 min.) : sound, color ; 4 3/4 in.
650 #0 - SUBJECT ADDED ENTRY--TOPICAL TERM
Topical term or geographic name entry element Science in popular culture
650 #0 - SUBJECT ADDED ENTRY--TOPICAL TERM
Topical term or geographic name entry element Science experiments
650 #0 - SUBJECT ADDED ENTRY--TOPICAL TERM
Topical term or geographic name entry element Pseudoscience
650 #0 - SUBJECT ADDED ENTRY--TOPICAL TERM
Topical term or geographic name entry element Urban folklore
700 1# - ADDED ENTRY--PERSONAL NAME
Personal name Savage, Adam
710 2# - ADDED ENTRY--CORPORATE NAME
Corporate name or jurisdiction name as entry element Discovery Channel (Firm)
Holdings
Withdrawn status Lost status Damaged status Not for loan Home library Current library Shelving location Date acquired Total checkouts Full call number Barcode Date last seen Price effective from Koha item type
        Riverside Riverside General stacks 22/03/2026   GEN BC0011109 22/03/2026 22/03/2026 Books